Budget papers, Jammu and Kashmir (Record no. 503940)

000 -LEADER
fixed length control field 00359cam a22001097a 4500
008 - FIXED-LENGTH DATA ELEMENTS--GENERAL INFORMATION
fixed length control field 180718b xxu||||| |||| 00| 0 eng d
082 ## - DEWEY DECIMAL CLASSIFICATION NUMBER
Classification number L1x5431
100 ## - MAIN ENTRY--PERSONAL NAME
Personal name Government of Jammu and Kashm
245 ## - TITLE STATEMENT
Title Budget papers, Jammu and Kashmir
Statement of responsibility, etc. by Government of Jammu and Kashmir
260 ## - PUBLICATION, DISTRIBUTION, ETC.
Place of publication, distribution, etc.
Name of publisher, distributor, etc. Government of Jammu and Kashmir.
Date of publication, distribution, etc.
500 ## - GENERAL NOTE
General note Librrary has 1971-72, 1973-76
Holdings
Withdrawn status Lost status Damaged status Not for loan Permanent Location Current Location Date acquired Full call number Barcode Date last seen Price effective from Koha item type
        Indian Institute of Public Administration Indian Institute of Public Administration 2018-08-04 L1x5431 GG33389 2018-08-04 2018-08-04 GG
        Indian Institute of Public Administration Indian Institute of Public Administration 2018-08-04 L1x5431 GG33108 2018-08-04 2018-08-04 GG

Powered by Koha